书目信息 |
| 题名: |
邓小平在上海
|
|
| 作者: | ;中共上海市委党史研究 编著 | |
| 分册: | ||
| 出版信息: | 上海 上海人民出版社 2004 |
|
| 页数: | 314页 | |
| 开本: | 20cm | |
| 丛书名: | ||
| 单 册: | ||
| 中图分类: | A762 | |
| 科图分类: | ||
| 主题词: | 邓小平--生平事迹 | |
| 电子资源: | ||
| ISBN: | 7-208-05268-9 | |
| 000 | 01219nam0 2200289 450 | |
| 000 | 01182nam0 2200277 450 | |
| 000 | 01151nam0 2200277 450 | |
| 000 | 01097nam0 2200253 450 | |
| 000 | 01104nam0 2200241 450 | |
| 000 | 01067nam0 2200229 45 | |
| 005 | 20061214085918.06 | |
| 010 | @a7-208-05268-9@dCNY20.00 | |
| 100 | @a20060829d2004 em y0chiy0120 ea | |
| 101 | 0 | @achi |
| 102 | @aCN@b310000 | |
| 105 | @af z 000yy | |
| 200 | 1 | @a邓小平在上海@ADeng Xiao Ping Zai Shang Hai@f中共上海市委党史研究编著@FZhong Gong Shang Hai Shi Wei Dang Shi Yan Jiu Bian Zhu |
| 210 | @a上海@c上海人民出版社@d2004 | |
| 215 | @a314页@c相片@d20cm | |
| 330 | @a2004年8月22日,是伟大的无产阶级革命家、政治家、军事家、外交家,中国社会主义改革开放和现代化建设的总设计师邓小平诞辰100周年纪念日。为缅怀邓小平的丰功伟绩,历史地再现他在上海的革命生涯和崇高风范,以及他指导上海建设与改革所作出的巨大贡献。 | |
| 606 | @a邓小平@x生平事迹 | |
| 690 | @aA762@v4 | |
| 711 | 02 | @a中共上海市委党史研究@AZhong Gong Shang Hai Shi Wei Dang Shi Yan Jiu@4编著 |
| 801 | 0 | @aCN@b中图数据@c20061214 |
| 905 | @a10447@dA762@e173 | |
| 邓小平在上海/中共上海市委党史研究编著.-上海:上海人民出版社,2004 |
| 314页:相片;20cm |
| ISBN 7-208-05268-9:CNY20.00 |
| 2004年8月22日,是伟大的无产阶级革命家、政治家、军事家、外交家,中国社会主义改革开放和现代化建设的总设计师邓小平诞辰100周年纪念日。为缅怀邓小平的丰功伟绩,历史地再现他在上海的革命生涯和崇高风范,以及他指导上海建设与改革所作出的巨大贡献。 |
| ● |
| 相关链接 |
|
|
|
|
正题名:邓小平在上海
索取号:A762/173
 
预约/预借
| 序号 | 登录号 | 条形码 | 馆藏地/架位号 | 状态 | 备注 |
| 1 | 0602900 | 206029000 | 第一样本阅览室/ [索取号:A762/173] | 在馆 | |
| 2 | 0602901 | 206029019 | 第一借阅区/ [索取号:A762/173] | 在馆 | |
| 3 | 0602902 | 206029028 | 第一借阅区/ [索取号:A762/173] | 在馆 | |
| 4 | 0602903 | 206029037 | 第一借阅区/ [索取号:A762/173] | 在馆 |